00325nam a2200109Ia 4500008004100000082002000041100002400061245002300085260003400108630001800142650005500160211109s9999||||xx |||||||||||||| ||und|| a294.5922bRAG-G aRaghavacharya T S,  0aGems From Ramayana bPenguin BooksaNew Yorkc1900 xGeneral Stack aMaxims, SanskritvRamayanahinduismvedasxGeneralia